| 000 | 004090000a22001690004500 | ||
|---|---|---|---|
| 003 | MACL | ||
| 005 | 20150729120645.0 | ||
| 008 | 150729b xxu||||| |||| 00| 0 eng d | ||
| 040 |
_aMACL _cMACL |
||
| 041 | _aEnglish | ||
| 082 | _a333 | ||
| 100 |
_aWinston,Andrew S. _93089 |
||
| 245 | _aGreen To Gold | ||
| 260 |
_bYale University Press _c2008 _aNew Delhi |
||
| 650 |
_aEconomics _93090 |
||
| 942 |
_cBK _k333 _2ddc |
||
| 999 |
_c7869 _d7869 |
||